000 00431nam a2200145Ia 4500
008 211109s9999||||xx |||||||||||||| ||und||
082 _a658.409
_bROB-O
100 _aRobbins, Stephen P
245 0 _aOrganizational Behavior
260 _bPrentice-Hall of India
_aNew Delhi
_c1996
300 _a752p.
630 _xMBA LIBRARY
650 _aGeneral management
_vManagement & auxiliary services
_xTechnologyManagement
942 _cBOOK
999 _c50081
_d50081